|
|
|
|
| LEADER |
01587nam a2200457 a 4500 |
| 001 |
nkc20061652991 |
| 003 |
CZ PrNK |
| 005 |
20070322150712.0 |
| 007 |
ta |
| 008 |
060427s2006 xr e f 000 0 cze |
| 015 |
|
|
|a cnb001652991
|
| 020 |
|
|
|a 80-86724-16-6
|q (brož.) :
|c neprodejné
|
| 035 |
|
|
|a (OCoLC)85722150
|
| 040 |
|
|
|a BOA001
|b cze
|
| 043 |
|
|
|a e-xr---
|
| 072 |
|
7 |
|a 338.3/.4
|x Hospodářská a výrobní odvětví
|2 Konspekt
|9 4
|
| 080 |
|
|
|a 338.48
|2 MRF
|
| 080 |
|
|
|a 347.72
|2 MRF
|
| 080 |
|
|
|a 658.114
|2 MRF
|
| 080 |
|
|
|a (437.3)
|2 MRF
|
| 080 |
|
|
|a (035)
|2 MRF
|
| 080 |
|
|
|a (094.5)
|2 MRF
|
| 245 |
0 |
0 |
|a Podnikatelské minimum v cestovním ruchu /
|c kolektiv autorů Institut[u] obchodu a cestovního ruchu
|
| 250 |
|
|
|a Vyd. 1.
|
| 260 |
|
|
|a Praha :
|b MAG Consulting,
|c 2006
|
| 300 |
|
|
|a 70 s. ;
|c 21 cm
|
| 500 |
|
|
|a Projekt Poradenské a vzdělávací služby pro podnikatele a začínající podnikatele v oblasti cestovního ruchu v Praze
|
| 500 |
|
|
|a 200 výt.
|
| 504 |
|
|
|a Obsahuje bibliografii
|
| 650 |
0 |
7 |
|a cestovní ruch
|7 ph119113
|z Česko
|2 czenas
|
| 650 |
0 |
7 |
|a podnikání
|7 ph115766
|z Česko
|2 czenas
|
| 650 |
0 |
9 |
|a tourism
|z Czechia
|2 eczenas
|
| 650 |
0 |
9 |
|a business
|z Czechia
|2 eczenas
|
| 655 |
|
7 |
|a příručky
|7 fd133209
|2 czenas
|
| 655 |
|
7 |
|a právní předpisy
|7 fd133151
|2 czenas
|
| 710 |
2 |
|
|a Institut obchodu a cestovního ruchu
|7 kn20060303008
|
| 910 |
2 |
|
|a BOA001
|b 2-1169.333
|
| 990 |
|
|
|a BK
|
| 995 |
|
|
|a 01
|
| 991 |
|
|
|b 200605
|c NOV
|
| 996 |
6 |
|
|b 2610278929
|c 2-1169.333
|l MZK
|r Sklad / do 1 hodiny
|n 3
|p p.v.
|w 000815771
|u 000010
|a 1
|e BOA001
|j MZK50
|s P
|